<?xml version="1.0" encoding="UTF-8"?>
<record
    xmlns:xsi="http://www.w3.org/2001/XMLSchema-instance"
    xsi:schemaLocation="http://www.loc.gov/MARC21/slim http://www.loc.gov/standards/marcxml/schema/MARC21slim.xsd"
    xmlns="http://www.loc.gov/MARC21/slim">

  <leader>01007nam a2200205   4500</leader>
  <datafield tag="999" ind1=" " ind2=" ">
    <subfield code="c">5260</subfield>
    <subfield code="d">5260</subfield>
  </datafield>
  <controlfield tag="001">6222</controlfield>
  <controlfield tag="005">20190920123316.0</controlfield>
  <controlfield tag="008">190920b           ||||| |||| 00| 0 eng d</controlfield>
  <datafield tag="020" ind1="0" ind2="0">
    <subfield code="a">9789993656132.</subfield>
  </datafield>
  <datafield tag="090" ind1="0" ind2="0">
    <subfield code="a">954.98092 D76d 2011</subfield>
  </datafield>
  <datafield tag="100" ind1="0" ind2="0">
    <subfield code="a">Draktshang, Zhung Dayden.</subfield>
  </datafield>
  <datafield tag="245" ind1="0" ind2="0">
    <subfield code="a">&#xF60;&#xF56;&#xFB2;&#xF74;&#xF42;&#xF0B;&#xF62;&#xF92;&#xFB1;&#xF63;&#xF0B;&#xF54;&#xF7C;&#xF0B;&#xF41;&#xFB2;&#xF72;&#xF0B;&#xF62;&#xF56;&#xF66;&#xF0B;&#xF63;&#xF94;&#xF0B;&#xF54;&#xF0B;&#xF51;&#xF54;&#xF63;&#xF0B;&#xF60;&#xF47;&#xF72;&#xF42;&#xF66;&#xF0B;&#xF58;&#xF7A;&#xF51;&#xF0B;&#xF42;&#xF7A;&#xF0B;&#xF66;&#xF7A;&#xF62;&#xF0B;&#xF62;&#xFA3;&#xF58;&#xF0B;&#xF62;&#xF92;&#xFB1;&#xF63;&#xF0B;&#xF51;&#xF56;&#xF44;&#xF0B;&#xF55;&#xFB1;&#xF74;&#xF42;&#xF0B;&#xF51;&#xF44;&#xF0B;&#xF56;&#xF59;&#xF74;&#xF53;&#xF0B;&#xF58;&#xF7C;&#xF0B;&#xF62;&#xF97;&#xF7A;&#xF0B;&#xF56;&#xF59;&#xF74;&#xF53;&#xF0B;&#xF54;&#xF51;&#xFA8;&#xF7C;&#xF0B;&#xF62;&#xFA3;&#xF58;&#xF0B;&#xF42;&#xF49;&#xF72;&#xF66;&#xF0B;&#xF63;&#xF0B;&#xF56;&#xF66;&#xF94;&#xF42;&#xF66;&#xF0B;&#xF56;&#xF62;&#xF97;&#xF7C;&#xF51;&#xF0B;&#xF40;&#xFB1;&#xF72;&#xF0B;&#xF5A;&#xF72;&#xF42;&#xF0B;&#xF55;&#xFB2;&#xF7A;&#xF44;&#xF0B;&#xF56;&#xF5E;&#xF74;&#xF42;&#xF66;&#xF0B;&#xF66;&#xF7C;&#xF0D;</subfield>
    <subfield code="c">Zhung Dayden Draktshang.</subfield>
  </datafield>
  <datafield tag="260" ind1="0" ind2="0">
    <subfield code="a">Thimphu : Bhutan.</subfield>
    <subfield code="b">Sung-ran nam-so</subfield>
    <subfield code="c">2011.</subfield>
  </datafield>
  <datafield tag="300" ind1="0" ind2="0">
    <subfield code="a">119 p ; 24 cm.</subfield>
  </datafield>
  <datafield tag="500" ind1="0" ind2="0">
    <subfield code="a">In Dzongkha.</subfield>
  </datafield>
  <datafield tag="650" ind1="0" ind2="0">
    <subfield code="a">Bhutan --King --Pictorial works.</subfield>
  </datafield>
  <datafield tag="650" ind1="0" ind2="0">
    <subfield code="a">Jigme Gesar Namgyel Wangchuck&#x307;, King of Bhutan.</subfield>
  </datafield>
  <datafield tag="942" ind1=" " ind2=" ">
    <subfield code="2">ddc</subfield>
    <subfield code="c">DZONGKHA</subfield>
  </datafield>
  <datafield tag="952" ind1=" " ind2=" ">
    <subfield code="0">0</subfield>
    <subfield code="1">0</subfield>
    <subfield code="2">ddc</subfield>
    <subfield code="4">0</subfield>
    <subfield code="7">0</subfield>
    <subfield code="8">DZONGKHA</subfield>
    <subfield code="a">RTCLIB</subfield>
    <subfield code="b">RTCLIB</subfield>
    <subfield code="c">DZONGKHA</subfield>
    <subfield code="h"> </subfield>
    <subfield code="i">9934</subfield>
    <subfield code="l">0</subfield>
    <subfield code="o">954.98 DRU</subfield>
    <subfield code="p">30008429</subfield>
    <subfield code="r">2018-11-27 00:00:00</subfield>
    <subfield code="t">1</subfield>
    <subfield code="w">2018-11-27</subfield>
    <subfield code="y">DZONGKHA</subfield>
  </datafield>
  <datafield tag="952" ind1=" " ind2=" ">
    <subfield code="0">0</subfield>
    <subfield code="1">0</subfield>
    <subfield code="2">ddc</subfield>
    <subfield code="4">0</subfield>
    <subfield code="7">0</subfield>
    <subfield code="8">DZONGKHA</subfield>
    <subfield code="a">RTCLIB</subfield>
    <subfield code="b">RTCLIB</subfield>
    <subfield code="c">DZONGKHA</subfield>
    <subfield code="h"> </subfield>
    <subfield code="i">9935</subfield>
    <subfield code="l">0</subfield>
    <subfield code="o">954.98 DRU</subfield>
    <subfield code="p">30008408</subfield>
    <subfield code="r">2018-11-27 00:00:00</subfield>
    <subfield code="t">2</subfield>
    <subfield code="w">2018-11-27</subfield>
    <subfield code="y">DZONGKHA</subfield>
  </datafield>
  <datafield tag="952" ind1=" " ind2=" ">
    <subfield code="0">0</subfield>
    <subfield code="1">0</subfield>
    <subfield code="2">ddc</subfield>
    <subfield code="4">0</subfield>
    <subfield code="7">0</subfield>
    <subfield code="8">DZONGKHA</subfield>
    <subfield code="a">RTCLIB</subfield>
    <subfield code="b">RTCLIB</subfield>
    <subfield code="c">DZONGKHA</subfield>
    <subfield code="h"> </subfield>
    <subfield code="i">9936</subfield>
    <subfield code="l">0</subfield>
    <subfield code="o">954.98 DRU</subfield>
    <subfield code="p">30008195</subfield>
    <subfield code="r">2018-11-27 00:00:00</subfield>
    <subfield code="t">3</subfield>
    <subfield code="w">2018-11-27</subfield>
    <subfield code="y">DZONGKHA</subfield>
  </datafield>
  <datafield tag="952" ind1=" " ind2=" ">
    <subfield code="0">0</subfield>
    <subfield code="1">0</subfield>
    <subfield code="2">ddc</subfield>
    <subfield code="4">0</subfield>
    <subfield code="7">0</subfield>
    <subfield code="8">DZONGKHA</subfield>
    <subfield code="a">RTCLIB</subfield>
    <subfield code="b">RTCLIB</subfield>
    <subfield code="c">DZONGKHA</subfield>
    <subfield code="h"> </subfield>
    <subfield code="i">9937</subfield>
    <subfield code="l">0</subfield>
    <subfield code="o">954.98 DRU</subfield>
    <subfield code="p">30008334</subfield>
    <subfield code="r">2018-11-27 00:00:00</subfield>
    <subfield code="t">4</subfield>
    <subfield code="w">2018-11-27</subfield>
    <subfield code="y">DZONGKHA</subfield>
  </datafield>
  <datafield tag="952" ind1=" " ind2=" ">
    <subfield code="0">0</subfield>
    <subfield code="1">0</subfield>
    <subfield code="2">ddc</subfield>
    <subfield code="4">0</subfield>
    <subfield code="7">0</subfield>
    <subfield code="8">DZONGKHA</subfield>
    <subfield code="a">RTCLIB</subfield>
    <subfield code="b">RTCLIB</subfield>
    <subfield code="c">DZONGKHA</subfield>
    <subfield code="h"> </subfield>
    <subfield code="i">9938</subfield>
    <subfield code="l">0</subfield>
    <subfield code="o">954.98 DRU</subfield>
    <subfield code="p">30008421</subfield>
    <subfield code="r">2018-11-27 00:00:00</subfield>
    <subfield code="t">5</subfield>
    <subfield code="w">2018-11-27</subfield>
    <subfield code="y">DZONGKHA</subfield>
  </datafield>
  <datafield tag="952" ind1=" " ind2=" ">
    <subfield code="0">0</subfield>
    <subfield code="1">0</subfield>
    <subfield code="2">ddc</subfield>
    <subfield code="4">0</subfield>
    <subfield code="7">0</subfield>
    <subfield code="8">DZONGKHA</subfield>
    <subfield code="a">RTCLIB</subfield>
    <subfield code="b">RTCLIB</subfield>
    <subfield code="c">DZONGKHA</subfield>
    <subfield code="h"> </subfield>
    <subfield code="i">9939</subfield>
    <subfield code="l">0</subfield>
    <subfield code="o">954.98 DRU</subfield>
    <subfield code="p">30008425</subfield>
    <subfield code="r">2018-11-27 00:00:00</subfield>
    <subfield code="t">6</subfield>
    <subfield code="w">2018-11-27</subfield>
    <subfield code="y">DZONGKHA</subfield>
  </datafield>
  <datafield tag="952" ind1=" " ind2=" ">
    <subfield code="0">0</subfield>
    <subfield code="1">0</subfield>
    <subfield code="2">ddc</subfield>
    <subfield code="4">0</subfield>
    <subfield code="7">0</subfield>
    <subfield code="8">DZONGKHA</subfield>
    <subfield code="a">RTCLIB</subfield>
    <subfield code="b">RTCLIB</subfield>
    <subfield code="c">DZONGKHA</subfield>
    <subfield code="h"> </subfield>
    <subfield code="i">9940</subfield>
    <subfield code="l">0</subfield>
    <subfield code="o">954.98 DRU</subfield>
    <subfield code="p">30008239</subfield>
    <subfield code="r">2018-11-27 00:00:00</subfield>
    <subfield code="t">7</subfield>
    <subfield code="w">2018-11-27</subfield>
    <subfield code="y">DZONGKHA</subfield>
  </datafield>
  <datafield tag="952" ind1=" " ind2=" ">
    <subfield code="0">0</subfield>
    <subfield code="1">0</subfield>
    <subfield code="2">ddc</subfield>
    <subfield code="4">0</subfield>
    <subfield code="7">0</subfield>
    <subfield code="8">DZONGKHA</subfield>
    <subfield code="a">RTCLIB</subfield>
    <subfield code="b">RTCLIB</subfield>
    <subfield code="c">DZONGKHA</subfield>
    <subfield code="h"> </subfield>
    <subfield code="i">9941</subfield>
    <subfield code="l">0</subfield>
    <subfield code="o">954.98 DRU</subfield>
    <subfield code="p">30008497</subfield>
    <subfield code="r">2018-11-27 00:00:00</subfield>
    <subfield code="t">8</subfield>
    <subfield code="w">2018-11-27</subfield>
    <subfield code="y">DZONGKHA</subfield>
  </datafield>
  <datafield tag="952" ind1=" " ind2=" ">
    <subfield code="0">0</subfield>
    <subfield code="1">0</subfield>
    <subfield code="2">ddc</subfield>
    <subfield code="4">0</subfield>
    <subfield code="7">0</subfield>
    <subfield code="8">DZONGKHA</subfield>
    <subfield code="a">RTCLIB</subfield>
    <subfield code="b">RTCLIB</subfield>
    <subfield code="c">DZONGKHA</subfield>
    <subfield code="h"> </subfield>
    <subfield code="i">9942</subfield>
    <subfield code="l">0</subfield>
    <subfield code="o">954.98 DRU</subfield>
    <subfield code="p">30008448</subfield>
    <subfield code="r">2018-11-27 00:00:00</subfield>
    <subfield code="t">9</subfield>
    <subfield code="w">2018-11-27</subfield>
    <subfield code="y">DZONGKHA</subfield>
  </datafield>
  <datafield tag="952" ind1=" " ind2=" ">
    <subfield code="0">0</subfield>
    <subfield code="1">0</subfield>
    <subfield code="2">ddc</subfield>
    <subfield code="4">0</subfield>
    <subfield code="7">0</subfield>
    <subfield code="8">DZONGKHA</subfield>
    <subfield code="a">RTCLIB</subfield>
    <subfield code="b">RTCLIB</subfield>
    <subfield code="c">DZONGKHA</subfield>
    <subfield code="h"> </subfield>
    <subfield code="i">9943</subfield>
    <subfield code="l">0</subfield>
    <subfield code="o">954.98 DRU</subfield>
    <subfield code="p">30008326</subfield>
    <subfield code="r">2018-11-27 00:00:00</subfield>
    <subfield code="t">10</subfield>
    <subfield code="w">2018-11-27</subfield>
    <subfield code="y">DZONGKHA</subfield>
  </datafield>
  <datafield tag="952" ind1=" " ind2=" ">
    <subfield code="0">0</subfield>
    <subfield code="1">0</subfield>
    <subfield code="2">ddc</subfield>
    <subfield code="4">0</subfield>
    <subfield code="7">0</subfield>
    <subfield code="8">DZONGKHA</subfield>
    <subfield code="a">RTCLIB</subfield>
    <subfield code="b">RTCLIB</subfield>
    <subfield code="c">DZONGKHA</subfield>
    <subfield code="h"> </subfield>
    <subfield code="i">9944</subfield>
    <subfield code="l">0</subfield>
    <subfield code="o">954.98 DRU</subfield>
    <subfield code="p">30008519</subfield>
    <subfield code="r">2018-11-27 00:00:00</subfield>
    <subfield code="t">11</subfield>
    <subfield code="w">2018-11-27</subfield>
    <subfield code="y">DZONGKHA</subfield>
  </datafield>
</record>
